Quizzes
Events
Quiz Creation
Community
Videos
Private Events
Remove Ads
Sign In
Join for FREE
Feedback
Dark Mode
Quiz Categories
Sports
Geography
Music
Movies
Television
Just For Fun
Miscellaneous
History
Literature
Language
Science
Gaming
Entertainment
Religion
Holiday
For Kids
Quiz Lab
Recent
Popular Today
Quiz Kudos Today
Editor Picks
Curator Picks
Quizzes by...
Day
Popularity
Type
Ratings
Length
Year
Community
Subscriptions
Recent Discussions
Orange Saloon
Badges
Playlists
Quests
Create
Leaderboards
Showdown
Live 5
Trivia Bingo
Activity
Puzzle Library
Sporcle Events
Private Events
Virtual Trivia
Globe League
Become a Host
Pub Owners
SporcleCon
Opinionation
Our Games
Videos
Blog
Mobile Apps
Partnerships
Remove Ads and Go Orange
Feedback
Music
Pop Music
The Beatles
Song
Album
Lyrics
Bands
Singers
Artist
Clip
Rock
Rap
Classical
Billboard
Country Music
Kpop
Taylor Swift
Music
Pop Music
The Beatles
Song
Album
Lyrics
Bands
Singers
Artist
Clip
Rock
Rap
Classical
Billboard
Country Music
Kpop
Taylor Swift
Random Quiz
Search Sporcle
×
Quiz Lab
Quiz Lab
Music
Artist
Type in answers that appear in a list
Type in answers that appear in a list
Classic
Best Score? Go Orange.
VH1's 100 Greatest Songs of the '00s Stats
Can you name the VH1's 100 Greatest Songs of the '00s?
By
carolinagirl009
11m
100 Questions
2,528 Plays
2,528 Plays
2,528 Plays
Comments
Comments
Give Quiz Kudos
Give Quiz Kudos
-
- Ratings
hide this ad
Replay
Link that replays current quiz
Next Quiz
Link to next quiz in quiz playlist
You Got
0%
They Got
Avg Score
60%
Avg Friend Score
Upgrade to see
Score Distribution
Jump to the score distribution portion of the page
Score
0/100
Timer
11:00
0
Plays Today
Rank
Artist
% Correct
3
Lady Gaga
98.5%
49
Lady Gaga
98.5%
1
Beyoncé ft. Jay-Z
98.3%
7
Justin Timberlake ft. Timbaland
94.5%
59
Justin Timberlake
94.5%
37
Britney Spears
94.3%
4
Eminem
94%
16
Beyoncé
93.8%
11
Rihanna ft. Jay Z
93.7%
20
Britney Spears
93.1%
13
Green Day
92.6%
8
Jay Z ft. Alicia Keys
92.6%
21
Jay Z
92.5%
43
Katy Perry
91.7%
12
Black Eyed Peas
91.5%
5
Kelly Clarkson
90.5%
2
OutKast
90.3%
52
Shakira ft. Wyclef
88.5%
6
Kanye West feat. Jamie Foxx
86.7%
38
Miley Cyrus
84.6%
25
Nelly
84.5%
30
Gwen Stefani
84.2%
10
50 Cent
81.8%
47
Christina Aguilera, Pink, Mya, Lil' Kim & Missy Elliott
81.5%
31
Amy Winehouse
81%
17
Coldplay
80.4%
60
Kesha
80.3%
15
U2
78.7%
55
The Killers
78.2%
36
*NSYNC
77.6%
23
Pink
77.2%
44
Red Hot Chili Peppers
76.6%
27
Usher ft. Lil John & Ludacris
76.6%
53
Blink-182
74.4%
Rank
Artist
% Correct
26
The White Stripes
72.8%
62
Avril Lavigne
72.3%
67
Leona Lewis
71.8%
22
Alicia Keys
71.5%
18
Christina Aguilera
70.8%
96
Pussycat Dolls ft. Busta Rhymes
70.6%
32
Maroon 5
69.6%
66
Snoop Dogg ft. Pharrell
69.3%
39
Adele
69.1%
78
Plain White T's
68.3%
77
Nickelback
68.3%
42
Train
67.9%
95
James Blunt
67.4%
19
Destiny's Child
67%
48
Kings of Leon
66.6%
40
Fall Out Boy
64%
69
Evanescence
63.8%
97
Shaggy
63.7%
14
Gnarls Barkley
62.5%
73
Nelly Furtado ft. Timbaland
62.4%
58
Jason Mraz
62%
9
Mariah Carey
60.7%
76
T.I. ft. Rihanna
60.3%
50
Taylor Swift
59.8%
61
Kelis
57.7%
84
Linkin Park
57.6%
89
M.I.A.
57.1%
24
Missy Elliott
56%
79
Enrique Iglesias
55.5%
72
Jet
54.3%
92
Flo Rida ft. T-Pain
53.2%
28
Madonna
50.9%
88
Fountains of Wayne
48.6%
29
Foo Fighters
46.8%
Rank
Artist
% Correct
87
The Darkness
45.8%
51
Natasha Bedingfield
45.7%
99
Carrie Underwood
45.7%
70
Chris Brown ft. Juelz Santana
44.7%
100
Sisqó
44.3%
41
R. Kelly
43.4%
98
3 Doors Down
43%
45
Eve ft. Gwen Stefani
41.4%
91
Creed
38.3%
57
Mary J. Blige
37.5%
35
John Mayer
36.6%
33
Johnny Cash
35.9%
74
Chamillionaire ft
33.4%
80
Lil Jon & the East Side Boyz ft Ying Yang Twins
33.1%
64
Jennifer Lopez ft. Ja Rule
32.1%
85
Macy Gray
28.6%
86
Aerosmith
27.6%
54
Norah Jones
26.8%
68
Ludacris ft. Shawnna
26.8%
71
Colbie Caillat
25.9%
82
Matchbox 20
25.8%
34
Janet Jackson
25.7%
75
Gavin DeGraw
25.5%
93
OK Go
22.6%
65
Aaliyah
22.6%
56
DMX
22.4%
94
Daughtry
22.4%
46
Kid Rock & Sheryl Crow
20.1%
63
Andrew W.K.
17.4%
90
Mystikal
14.9%
81
Bruce Springsteen
11.2%
83
D’Angelo
8.8%
Quiz Playlist
Details
Report
Send in Message
Add To Playlist
Classic:
Type in answers that appear in a list
Last Updated: Oct 10, 2018
Quiz Scoreboard
CHALLENGE
Sign Up to Join the Scoreboard
Show All
Scores
Hide
Comments
May contain spoilers
Recently Published
NBA Finals Game Top Scorers (2010s)
by flibbidy
Sports
5m
Guess the 'R' Things in 3 Words
by MSUKent
Miscellaneous
3m
Actor to Badly Drawn Movie III
by MoMosMoProblems
Movies
5m
More to Explore
Quiz From the Vault
Featured Blog Post
Where Does Lost Luggage Go?
hide this ad
You Might Also Like...
Tags
Artist Quiz
Song Quiz
100
2000s
greatest
VH1
VH1 100
Today's Top Quizzes in Music
Browse Music
hide this ad
Today's Top Quizzes in Artist
Browse Artist
Top Contributed Quizzes in Music
1
Taylor Swift All Songs (2024)
2
Image Sorting: Rock Albums II
3
Image Sorting: Rock Albums III
4
Image Sorting: Rock Albums IV
5
Image Sorting: Rock Albums V
6
Image Sorting: Rock Albums VI
7
Taylor Swift Logic Puzzle
8
Adjectives in 80s Songs
9
Image Sorting: Album Titles
10
Nickname Match: Musicians
Explore More
Trending Topics
Marvel
NBA
Kpop
Crossword
Disney
Harry Potter
Anime
Pokémon
The Office
Soccer
Song
WWE
Puzzle
NFL
Country
hide this ad
More By:
carolinagirl009
Quiz
Plays
Rating
Category
Featured
Created
Fuller House Trivia
4,072
2.50
Television
Jan 7, 2019
One Tree Hill Trivia Pt.1
2,781
2.50
Television
Jun 16, 2011
VH1's 100 Greatest Songs of the '00s
2,528
2.19
Music
May 17, 2012
House MD Quiz
1,201
1.00
Television
Nov 29, 2015
One Tree Hill Triva Pt. 2
1,135
1.00
Television
Dec 30, 2012
Go to Creator's Profile
Score Distribution
Quiz Creator Spotlight
carolinagirl009
Follow
Send a Message
Quizzes Created
-
Created Quiz Play Count
-
More By This Creator
Popular Quizzes Today
1
Find the US States - No Outlines Minefield
2
Find the US States
3
The Countries of the World
4
10 Largest US States in Order
5
Find the Countries of Europe - No Outlines Minefield
6
US States
7
Guess the 'R' Things in 3 Words
8
NBA Finals Game Top Scorers (2010s)
More Music Quizzes
Brother and Sister Bands
Editor's Pick
Trending Quizzes
First Name TV: Leading Men
Match the Book to the Film II
3-Word Movies in 1 Word II
First Name TV: Leading Women Drama
Match the Book to the Film VI
Recently Updated
Women's Final Four Teams by Year
bhenderson79
Presidents Quartet II
eogle
Anything But Clue(do)
eogle
Anything But Oceanian Capitals
eogle
Anything But 7
eogle
Anything But Thing
eogle
Word Ladder: February 29
pecheneg
Song Title Questions
pecheneg
Women's NCAA Tournament #1 Seeds
pecheneg
Celebrity Mug Shots
pecheneg
Trending Topics
NBA
Disney
Marvel
Crossword
Anime
Kpop
Harry Potter
Song
Country
The Office
Soccer
WWE
Pokémon
Puzzle
NFL
Your Account Isn't Verified!
In order to create a playlist on Sporcle, you need to verify the email address you used during registration. Go to your
Sporcle Settings
to finish the process.
Report this User
Report this user for behavior that violates our
Community Guidelines
.
Details:
Send Report
Go to the Sporcle.com Mobile Site →
Comments